ŠPECIALIZAČNÁ NÁPLŇ Z ODBORU SOCIÁLNE LEKÁRSTVO A ORGANIZÁCIA ZDRAVOTNÍCTVA

Bibliographic Details
Format: Article
Language:Slovak

MARC

LEADER 00000nab a2200000ua 4500
001 vtls010812643
003 SK-MaSNL
005 20260225181027.0
008 230121s1984 xo |||||||||||||||||slo|
035 |a (urnnbn)urn:nbn:sk:snk:ar-005k9t 
035 |a urn:nbn:sk:snk-ab5hy9 
035 |a (uuid)a2c4e1bb-69f7-4826-8db2-e93536160780 
040 |a SNKBUCL  |b slo  |c SNKBUCL  |e AACR2 
041 0 |a slo 
044 |a xo  |c SK 
245 0 0 |a ŠPECIALIZAČNÁ NÁPLŇ Z ODBORU SOCIÁLNE LEKÁRSTVO A ORGANIZÁCIA ZDRAVOTNÍCTVA 
773 0 |t Lekársky obzor : odborný časopis Slovenskej zdravotníckej univerzity v Bratislave  |g Roč. 33, č. 9 (1984), s. 562-567 
954 |a odborná, vedecká literatúra pôvodná (slovenská)  |2 lita 
958 |a OND 
958 |a EUIPO 
958 |a article5 
999 |c 1845809  |d 1847739